000
00299nam a2200133Ia 4500
999
_c
3495
_d
3495
008
191201s2008 xx 000 0 und d
082
_a
331.1
_b
MOI
100
_a
Monappa, Arun
245
0
_a
Industrial Relations
260
_a
N.Delhi
_b
TMH
_c
2008
300
_a
388
650
_a
MBA
942
_2
ddc
_c
BK